Nociones y elementos de Arquitectura / (Registro nro. 11712)

Detalles MARC
000 -LEADER
campo de control de longitud fija 02249cam a22004814i 4500
003 - IDENTIFICADOR DE NÚMERO DE CONTROL
campo de control PE-LiUPU
005 - FECHA Y HORA DE LA ÚLTIMA TRANSACCIÓN
campo de control 20250731183352.0
008 - DATOS DE LONGITUD FIJA--INFORMACIÓN GENERAL
campo de control de longitud fija 150302s2014 a 000 0 spa d
020 ## - NÚMERO INTERNACIONAL ESTÁNDAR DEL LIBRO
Número Internacional Estándar del Libro 6124206064
Información calificativa (colección)
020 ## - NÚMERO INTERNACIONAL ESTÁNDAR DEL LIBRO
Número Internacional Estándar del Libro 6124206080
020 ## - NÚMERO INTERNACIONAL ESTÁNDAR DEL LIBRO
Número Internacional Estándar del Libro 9786124206061
Información calificativa (colección)
020 ## - NÚMERO INTERNACIONAL ESTÁNDAR DEL LIBRO
Número Internacional Estándar del Libro 9786124206085
035 ## - NÚMERO DE CONTROL DEL SISTEMA
Número de control de sistema (Sirsi) a162751
040 ## - FUENTE DE CATALOGACIÓN
Centro catalogador/agencia de origen PE-LiUPU
Lengua de catalogación spa
Centro/agencia transcriptor PE-LiUPU
Normas de descripción rda
049 ## - FONDOS LOCALES (OCLC)
Biblioteca depositaria PRUA
050 14 - SIGNATURA TOPOGRÁFICA DE LA BIBLIOTECA DEL CONGRESO
Número de clasificación NA910
Número de ítem .A74 2014
082 4# - NÚMERO DE LA CLASIFICACIÓN DECIMAL DEWEY
Número de clasificación 724.9
Cutter V39
Número de edición 22
100 1# - ENTRADA PRINCIPAL--NOMBRE DE PERSONA
Nombre de persona Velarde, Héctor,
Término indicativo de función/relación autor.
245 10 - MENCIÓN DEL TÍTULO
Título Nociones y elementos de Arquitectura /
Mención de responsabilidad, etc. Héctor Velarde.
250 ## - MENCION DE EDICION
Mención de edición Edición facsimilar.
264 #1 - PRODUCCIÓN, PUBLICACIÓN, DISTRIBUCIÓN, FABRICACIÓN Y COPYRIGHT
Producción, publicación, distribución, fabricación y copyright Lima :
Nombre del de productor, editor, distribuidor, fabricante Fondo Editorial PUCP,
Fecha de producción, publicación, distribución, fabricación o copyright 2014.
300 ## - DESCRIPCIÓN FÍSICA
Extensión 114 páginas ;
Dimensiones 24 centímetros.
336 ## - TIPO DE CONTENIDO
-- ext
Fuente rdacontent
337 ## - TIPO DE MEDIO
-- nmediated
Fuente rdamedia
338 ## - TIPO DE SOPORTE
-- olume
Fuente rdacarrier
490 0# - MENCIÓN DE SERIE
Mención de serie Colección Clásicos peruanos. Arquitectura y pensamiento.
505 8# - NOTA DE CONTENIDO CON FORMATO
Nota de contenido con formato Muros -- Aberturas en los muros -- Decoración de puertas y ventanas -- Los órdenes arquiictónicos -- El orden dórico -- El orden jónico -- Orden Corintio -- Cobeturas y tejados -- Bóvedas -- Escaleras -- Principios generales sobre distribuciones particulares -- Aspectos de arquitectura militar -- Clasificación de los estilos fundamentales en arquitectura.
526 ## - NOTA DE INFORMACIÓN SOBRE EL PROGRAMA DE ESTUDIO
Nombre del programa Maestría Bim Facility Management (A distancia)
526 ## - NOTA DE INFORMACIÓN SOBRE EL PROGRAMA DE ESTUDIO
Nombre del programa
526 ## - NOTA DE INFORMACIÓN SOBRE EL PROGRAMA DE ESTUDIO
Nombre del programa Educación musical y artes
526 ## - NOTA DE INFORMACIÓN SOBRE EL PROGRAMA DE ESTUDIO
Nombre del programa Educación, especialidad educación física
526 ## - NOTA DE INFORMACIÓN SOBRE EL PROGRAMA DE ESTUDIO
Nombre del programa Arquitectura
596 ## -
-- 1
650 #0 - PUNTO DE ACCESO ADICIONAL DE MATERIA--TÉRMINO DE MATERIA
Término de materia o nombre geográfico como elemento de entrada Arquitectura
Subdivisión geográfica Perú
Subdivisión general Historia.
9 (RLIN) 5302
700 1# - ENTRADA AGREGADA--NOMBRE PERSONAL
Nombre de persona Ludeña Urquizo, Wiley,
Fechas asociadas al nombre 1955-,
Término indicativo de función/relación Prologuista.
942 ## - ELEMENTOS DE ENTRADA SECUNDARIOS (KOHA)
Fuente del sistema de clasificación o colocación Clasificación Decimal Dewey
Tipo de ítem Koha
949 ## - PROCESAMIENTO DE INFORMACIÓN LOCAL (OCLC)
a 724.9 V39
w DEWEY
c 1
i 74132
l CATALOGING
m BUL
p 37.50
r 0
s Y
t BOOK
u 2016-08-02
x INGENIERIA
-- P06
0 COMPRA
o .STAFF. Colección General
994 ## -
-- C0
-- PEPRU
999 ## - NÚMEROS DE CONTROL DE SISTEMA (KOHA)
-- DEWEY
-- 74132
-- 2017-5-16
-- 2021-11-10
-- 6
-- CCODEBUL1
-- BUL
-- 2
-- 37.50
-- 0
-- Y
-- BOOK
-- 2016-8-3
-- INGENIERIA
-- P06
-- COMPRA
-- .STAFF. Colección General
999 ## - NÚMEROS DE CONTROL DE SISTEMA (KOHA)
-- DEWEY
-- 76327
-- 2021-11-10
-- 4
-- CCODEBUL1
-- BUL
-- 23.00
-- 0
-- Y
-- BOOK
-- 2017-8-15
-- INGENIERIA
-- P06
-- COMPRA
-- .STAFF. Colección Ingeniería y Arquitectura
980 ## - EQUIVALENCIA O REFERENCIA-CRUZADA-MENCIÓN DE SERIE--NOMBRE DE PERSONA/TÍTULO [LOCAL, CANADÁ]
ID del último usuario que modificó el registro 1
Nombre del último usuario que modificó el registro ALBERTO SANCHEZ Responsable de Automatización
Existencias
Visto por última vez Número de inventario Total de préstamos Signatura topográfica completa Código de barras Fecha del último préstamo Copia número Coste, precio de reemplazo Fecha de reemplazo Facultad Tipo de ítem Koha Nota pública Estado de pérdida Fuente del sistema de clasificación o colocación Restricciones de uso No para préstamo Colección Programa académico Biblioteca de origen Biblioteca actual Ubicación en estantería Fecha de adquisición Fuente de adquisición Coste, precio normal de compra
2025-12-03 7 2 724.9 V39 74132 2017-05-16 e1 42.50 2016-08-03 FIA Libros físicos inventario-2023-12-13 No Perdido Clasificación Decimal Dewey No restringido Disponible para préstamos Colección General Arquitectura Biblioteca CRAI UPeU Lima Biblioteca CRAI UPeU Lima Sala principal 2016-08-03 COMPRA 37.50
2025-12-03 5 1 724.9 V39 76327 2023-03-27 e2 28.00 2017-08-15 FIA Libros físicos inventario-2023-12-13 No Perdido Clasificación Decimal Dewey No restringido Disponible para préstamos Colección General Arquitectura Biblioteca CRAI UPeU Lima Biblioteca CRAI UPeU Lima Sala principal 2017-08-15 COMPRA 23.00